000 00971nam a2200229Ia 4500
999 _c40230
_d40230
001 6838
003 GE_BSU
005 20200124164708.0
008 181216s1987||||ge |||||||||||||| ||geo||
040 _cGE_BSU
041 _ageo
080 _a821.353.1-32 გ-62
100 _aგოთუა, ლევან.
_92050
245 _aუგზო ქარავანი :
_bმოთხრობები /
_cლევან გოთუა ; შემდგ. სარგის ცაიშვილი ; რედ. ნ. ახალკაცი.
264 _aთბილისი :
_bმერანი,
_c1987.
300 _a864 გვ. ;
_bილ. ;
_c21 სმ.
653 _aმოთხრობები
653 _aუგზო ქარავანი
700 _aცაიშვილი, სარგის
_eშემდგენელი
_95577
700 _aახალკაცი, ნ.
_eრედაქტორი
_96363
942 _cBK
_2udc